00293nam a2200133Ia 45000030006000000080041000060400015000471000010000622450039000722500010001112600009001215460012001300050017001420STCL150530s9999 xx 000 0 und d aSTCLcSTCL aScott aStandard high school reader book 2 aFirst c1939 aEnglish20220125165754.0